[Event "RUS-chT U14"]
[Site "Sochi"]
[Date "2015.05.05"]
[Round "5.2"]
[White "Bykov, Oleg1111"]
[Black "Levenshtein, Mark"]
[Result "0-1"]
[WhiteElo "2225"]
[BlackElo "2111"]
[PlyCount "64"]
[EventDate "2015.05.01"]
[EventType "team-swiss"]
[EventRounds "7"]
[EventCountry "RUS"]
[SourceTitle "EXT 2018"]
[Source "ChessBase"]
[SourceDate "2017.10.13"]
[SourceVersion "1"]
[SourceVersionDate "2017.10.13"]
[SourceQuality "1"]

1. d4 Nf6 2. c4 g6 3. Nc3 Bg7 4. e4 d6 5. Nf3 0-0 6. Be2 e5 7. 0-0 Nc6 8. d5 Ne7 9. Ne1 Ne8 10. Be3 f5 11. f3 f4 12. Bf2 g5 13. c5 Ng6 14. Rc1 h5 15. a4 Bh6 16. cxd6 cxd6 17. Nb5 g4 18. Kh1 g3 19. Bg1 gxh2 20. Bxa7 Bg5 21. Nc2 Bh4 22. Nca3 Bd7 23. Bf2 Bg3 24. Bxg3 fxg3 25. f4 Nxf4 26. Bxh5 Qh4 27. Bf3 Rf6 28. Nc7 Nxc7 29. Rxc7 Bxa4 30. Qd2 Raf8 31. Qe3 Nxg2 32. Kxg2 Rxf3 0-1

[Event "RUS-chT U14"]
[Site "Sochi"]
[Date "2015.05.02"]
[Round "2.2"]
[White "Levenshtein, Mark"]
[Black "Privorotsky, Oleg1111"]
[Result "0-1"]
[WhiteElo "2111"]
[BlackElo "1924"]
[PlyCount "78"]
[EventDate "2015.05.01"]
[EventType "team-swiss"]
[EventRounds "7"]
[EventCountry "RUS"]
[SourceTitle "EXT 2018"]
[Source "ChessBase"]
[SourceDate "2017.10.13"]
[SourceVersion "1"]
[SourceVersionDate "2017.10.13"]
[SourceQuality "1"]

1. Nf3 d5 2. g3 Nf6 3. d3 Bg4 4. Bg2 c6 5. 0-0 Nbd7 6. Qe1 e6 7. e4 dxe4 8. dxe4 Be7 9. b3 0-0 10. Bb2 Qc7 11. Nbd2 Rad8 12. a4 Bb4 13. c3 Be7 14. b4 a5 15. Nc4 Bxf3 16. Bxf3 Ne5 17. Nxe5 Qxe5 18. Qe2 Qg5 19. Bc1 Qe5 20. Bb2 Qc7 21. b5 Nd7 22. c4 Nc5 23. Qc2 Nd3 24. Rfd1 Nxb2 25. Qxb2 Bf6 26. b6 Qb8 27. Qa3 Bxa1 28. Rxa1 Qd6 29. Qe3 Qd4 30. Qxd4 Rxd4 31. Rc1 Rfd8 32. e5 Kf8 33. Kg2 Rd2 34. c5 Ra2 35. Rc4 Rdd2 36. Kg1 Rxf2 37. Bxc6 bxc6 38. Rb4 Rfb2 39. Rb5 Ra1# 0-1